=LDR 00000nam 2200000 4500 =001 INLIS000000000022820 =005 20211015084949 =035 ##$$a 0010-061300000022820 =008 211015################g##########0#ind## =041 ##$$a Ind =082 ##$$a 339.1 =090 ##$$a 339.1, Ack t =100 ##$$a Ackley, Gardner =245 1#$$a Teori Ekonomi makro /$c Garder Ackley =260 ##$$a Jakarta :$b Universitas Indonesia,$c 1993 =300 ##$$a 767 hlm. ; $c 21 x 14 cm. =650 #4$$a ekonomi =850 ##$$a NBPNMAT =084 ##$$a 339.1 ACK t =990 ##$$a 0001/BPAP-NTB/20142014 =990 ##$$a 20562056 =990 ##$$a 54.025/pro-93 =990 ##$$a 0001/BPAP-NTB/20142014 =990 ##$$a 20703767 =990 ##$$a 54.025/pro-93 =990 ##$$a 20703767 =990 ##$$a 54.025/pro-93